| 000 | 00632nam a22001577a 4500 | ||
|---|---|---|---|
| 003 | OSt | ||
| 005 | 20151020172100.0 | ||
| 008 | 151020b xxu||||| |||| 00| 0 eng d | ||
| 040 | _cRUA | ||
| 082 | _aAVM ENG 2010 B094 Or.1 | ||
| 100 |
_92560 _aENG, PHIROM. |
||
| 245 | _aNitrogen balance in local yellow cattle fed water hyacinth silage as sopplement, តុល្យភាពអាសូតគោពូជក្នុងស្រុកដោយផ្ទាល់កំបហលោកផ្អាប់ជាចំនិបន្ថែម | ||
| 260 |
_aPhnom penh _bRUA _c2010 |
||
| 300 |
_axiii; 39p. _bill. _c29cm. |
||
| 942 |
_2ddc _cAVM |
||
| 999 |
_c2410 _d2410 |
||